000 00549nam a22001457a 4500
005 20251108174725.0
008 250721s2008 xx 000 0 ara d
082 1 4 _aم/364.17/ورش
245 1 0 _aورشة عمل "تنسيق الجهود الوطنية في مواجهة آفة المخدرات" /
264 1 _aعمان :
_bمديرية الأمن العام - إدارة مكافحة المخدرات،
_c2008.
650 1 7 _aادمان المخدرات
650 1 7 _aالمشاكل الاجتماعيه
942 _2ddc
_cREF
999 _c116394
_d116394